01166 a2200265 4500003000500000005001700005010001600022020001700038040000900055082001600064100002900080245006000109260006900169300002000238440003800258505015200296650004400448651004400492651003600536651004400572942001200616999001900628952012500647952012800772Nust20230301140636.0 a 78301969 a0860790096 : cNust00a327.933,GRA1 aBrown, Leslie H.910968910aAmerican security policy in Asia /cby Leslie H. Brown. aLondon :bInternational Institute for Strategic Studies,cc1977. a35 p. ;c25 cm. 0aAdelphi papers ;vno. 1329106259 aPolicy Constraint (Page-3), America Strategy For Asia (Page-5), American Interests (Page-9), Future Policy Choices (Page-24), Conclusion (Page-36). 0aNational securityzUnited States.97976 0aAsiaxRelationszUnited States.9109354 0aUnited StatesxMilitary policy. 0aUnited StatesxRelationszAsia.9109353 2ddccBK c190542d190542 00102ddc4070aMCSbMCScGENd2016-12-12o327.933,BROpMCS21905r2016-12-08w2016-12-12yBKzAlmirah No.75, Shelf No.5 00102ddc4070aMCSbMCScGENd2023-03-01l0o327.933,GRApMCS21986r2023-03-01w2023-03-01yBKzAlmirah No.75, Shelf No.5